[Event "Stay Safe Play From Home 235"]
[Site "Emanuel Lasker Arena"]
[Date "2020.06.18"]
[Round "5"]
[White "Meclion"]
[Black "Little champs"]
[Result "0-1"]
[WhiteElo "1360"]
[BlackElo "2272"]
[Annotator "TA"]
[PlyCount "66"]
[EventDate "2020.06.18"]
[EventType "swiss (blitz)"]

{[%evp 9,66,-10,0,-14,18,0,12,-29,0,0,4,-39,63,-33,0,-10,-11,-50,69,45,60,-9,-14,-249,-99,-97,-104,-95,-80,-71,0,0,87,0,0,0,0,-491,-489,-514,-506,-707,-703,-975,-713,-847,-744,-751,-708,-724,-724,-776,-770,-1466,-1254,-29990,-29991,-29994,-29995]} 1. e4 c6 2. Bc4 d5 3. exd5 cxd5 4. Bb3 e6 5. d4 Nf6 6. c3 {B10: Caro-Kann: 2 d3 and 2 c4.} Be7 {[#]} 7. Bc2 $146 ({Predecessor:} 7. Nf3 O-O 8. Ne5 Nbd7 9. Bc2 Qc7 10. f4 b6 11. Nd2 Ba6 12. Ndf3 Ne4 13. Be3 {1-0 (35) Lara,M-Gonzalez Custodio,R (2215) San Jose 1997}) 7... O-O 8. Ne2 {The position is equal.} Nc6 9. O-O e5 10. Ng3 e4 (10... Bg4 $15 11. f3 Bd7 12. dxe5 Nxe5) 11. Bg5 (11. f3 $14) 11... h6 12. Bxf6 Bxf6 ({But not} 12... gxf6 $6 13. Qh5 $16) 13. f3 e3 ({Black should play} 13... Qb6 $15 14. fxe4 Qxb2 15. Rxf6 Ne7) 14. Qe2 Re8 15. Qd3 (15. Na3 $14) 15... g6 $11 {White should prevent ...h5.} 16. Nh5 $2 (16. Na3 $11) 16... Bf5 (16... gxh5 $19 {is more deadly.} 17. Na3 e2) 17. Qe2 $17 Bxc2 18. Nxf6+ Qxf6 19. Qxc2 e2 (19... b5 $17 20. Re1 b4) 20. Re1 $11 Qf4 {[#]} (20... Rac8 $11 21. Qd2 Re6) 21. Rxe2 (21. Qd2 $1 $16 {[%cal Rd2f4]} Qd6 22. Rxe2) 21... Rxe2 22. Qxe2 Qc1+ 23. Qf1 $2 {[%mdl 8192]} (23. Kf2 $11 {and White has nothing to worry.}) 23... Qxb2 $19 24. Nd2 Qxd2 25. Rb1 Qxc3 26. Rxb7 Rf8 27. h3 Qxd4+ 28. Kh1 Qe5 29. f4 Qe4 30. Rc7 Nd4 31. Rd7 Ne2 {Threatens to win with ...Ng3+.} 32. Rxd5 Ng3+ {[%mdl 64] [#] Double Attack} 33. Kh2 Nxf1+ {Accuracy: White = 39%, Black = 39%.} 0-1

[Event "Stay Safe Play From Home 235"]
[Site "Emanuel Lasker Arena"]
[Date "2020.06.18"]
[Round "5"]
[White "Klasman"]
[Black "Souchov"]
[Result "0-1"]
[WhiteElo "1282"]
[BlackElo "1754"]
[Annotator "NA RC"]
[PlyCount "32"]
[EventDate "2020.06.18"]
[EventType "swiss (blitz)"]

1. f4 {[%emt 0:00:02]} e5 {[%emt 0:00:01]} 2. fxe5 {[%emt 0:00:01]} d6 {[%emt 0:00:01]} 3. Nf3 {[%emt 0:00:01]} dxe5 {[%emt 0:00:01]} 4. e4 {[%emt 0:00:01]} Nc6 {[%emt 0:00:01]} 5. Bc4 {[%emt 0:00:01]} Bc5 {[%emt 0:00:02]} 6. b4 {[%emt 0:00:03]} Bb6 {[%emt 0:00:04]} 7. b5 {[%emt 0:00:05]} Nd4 {[%emt 0:00:02]} 8. Nxe5 {[%emt 0:00:05]} Qh4+ {[%emt 0:00:01]} 9. g3 {[%emt 0:00:01]} Qxe4+ {[%emt 0:00:01]} 10. Be2 {[%emt 0:00:06]} Qxh1+ {[%emt 0:00:04]} 11. Bf1 {[%emt 0:00:05]} Qe4+ {[%emt 0:00:04]} 12. Be2 {[%emt 0:00:03]} Nxc2+ {[%emt 0:00:01]} 13. Qxc2 {[%emt 0:00:03]} Qxc2 {[%emt 0:00:00]} 14. Ba3 {[%emt 0:00:18]} Nf6 {[%emt 0:00:03]} 15. Nc3 {[%emt 0:00:02]} Ne4 {[%emt 0:00:03]} 16. Rd1 {[%emt 0:00:04]} Qxd1+ {[%emt 0:00:01] Time (Lag: Av=0.72s, max=0.8s)} 0-1

[Event "Stay Safe Play From Home 235"]
[Site "Emanuel Lasker Arena"]
[Date "2020.06.18"]
[Round "6"]
[White "Broken sword"]
[Black "Mepe_Nika"]
[Result "1-0"]
[WhiteElo "2431"]
[BlackElo "2375"]
[Annotator "TA"]
[PlyCount "135"]
[EventDate "2020.06.18"]
[EventType "swiss (blitz)"]

{[%evp 15,135,13,4,0,0,0,0,0,0,3,12,0,0,-6,-6,-6,-7,-10,-12,-55,0,0,0,0,0,0,0,0,0,0,0,0,0,0,0,0,20,20,20,20,39,20,32,0,26,0,0,-8,0,-15,0,0,0,-60,-34,-41,-41,-41,-8,-41,-39,-32,-6,-135,-52,-130,-12,-12,-14,-33,0,0,0,0,0,-8,-8,-15,-15,-18,0,0,0,0,8,8,8,8,29972,29971,29978,29979,29979,29980,29980,29981,29981,29982,29982,29983,29983,29984,29984,29985,29985,29986,29986,29987,29987,29987,29987,29987,29987,29988,29988,29989,29989,29990,29991,29992,29995,29996]} 1. d4 d5 2. Nf3 Nf6 3. c4 c6 4. cxd5 cxd5 5. Nc3 Nc6 6. Bf4 a6 7. e3 Bg4 8. Be2 e6 9. Nd2 {D13: Slav Defence: Exchange variation without ...Bf5.} Bxe2 10. Qxe2 Be7 11. O-O {The position is equal.} O-O {[#]} 12. Nb3 $146 ({Predecessor:} 12. Rfc1 Nd7 13. Nb3 Na5 14. Nxa5 Qxa5 15. e4 Nf6 16. Be5 Rac8 17. a3 Nxe4 18. Nxe4 dxe4 19. Qxe4 {0-1 (35) Bogdan,D (2370)-Svetushkin,D (2542) Satu Mare 2019}) 12... Rc8 13. Bg5 Na5 14. Nxa5 Qxa5 15. Rfc1 Rc4 16. Bxf6 Bxf6 17. Qd2 Qc7 ({Black should play} 17... Rfc8 $15) 18. b3 Rc6 19. Ne2 {[%cal Bc3e2,Be2c1,Bc1d3][%mdl 32]} Rc8 20. Rxc6 Qxc6 21. Rc1 Qd7 22. g3 Be7 23. Rc2 g6 24. Nc1 Rxc2 25. Qxc2 Qc6 26. Qxc6 bxc6 $11 {[%mdl 4096] Endgame KB-KN} 27. Nd3 Bd6 28. Kf1 Kf8 29. Kg2 Ke7 30. h3 f6 31. Kf3 e5 32. Ke2 Kd7 33. Kd2 e4 34. Nc1 (34. Nc5+ $11 Bxc5 35. dxc5) 34... c5 35. dxc5 Bxc5 36. Ne2 Kc6 37. Nf4 Bb4+ 38. Ke2 Bd6 39. Ng2 (39. Ne6 $11) 39... Be5 (39... Kb5 $17 40. Kd2 Kb4) 40. g4 (40. Ne1 $15) 40... d4 ({Better is} 40... Kc5 $17 {Hoping for ...Kb4.} 41. Kd2 Kb4) 41. exd4 Bxd4 42. f3 exf3+ 43. Kxf3 Kc5 44. Ke4 Be5 45. Kd3 Kb4 46. Kc2 Ka3 47. Kb1 $1 a5 48. Ne3 {[%cal Re3c2] [#]} Kb4 49. Kc2 a4 50. bxa4 Kxa4 51. Kd3 Ka3 $2 {[%mdl 8192] [#] This costs Black the game.} (51... f5 $11) 52. Nc4+ {White mates.} Kxa2 53. Nxe5 fxe5 {K3P-KPP} 54. Ke4 Kb3 55. Kxe5 {KPP-KPP} Kc4 56. Kf6 Kd4 57. Kg7 Ke4 58. Kxh7 {KPP-KP} g5 59. Kg6 Kf4 60. Kh5 Ke5 61. Kxg5 {KP-KP} Ke6 62. Kg6 Ke7 63. Kg7 Ke6 64. g5 Kf5 65. g6 Kg5 66. Kf7 Kh5 67. g7 Kh4 68. g8=Q {Accuracy: White = 82%, Black = 73%.} 1-0

[Event "Stay Safe Play From Home 235"]
[Site "Emanuel Lasker Arena"]
[Date "2020.06.18"]
[Round "6"]
[White "Little champs"]
[Black "BrainThinker22"]
[Result "0-1"]
[WhiteElo "2272"]
[BlackElo "2235"]
[Annotator "NA RC"]
[PlyCount "78"]
[EventDate "2020.06.18"]
[EventType "swiss (blitz)"]

1. d4 {[%emt 0:00:03]} c5 {[%emt 0:00:01]} 2. e3 {[%emt 0:00:00]} cxd4 {[%emt 0:00:00]} 3. exd4 {[%emt 0:00:00]} d5 {[%emt 0:00:00]} 4. Nf3 {[%emt 0:00:01]} Nc6 {[%emt 0:00:00]} 5. Be2 {[%emt 0:00:00]} Nf6 {[%emt 0:00:00]} 6. O-O {[%emt 0:00:00]} Bf5 {[%emt 0:00:00]} 7. c3 {[%emt 0:00:00]} e6 {[%emt 0:00:00]} 8. Bf4 {[%emt 0:00:01]} Bd6 {[%emt 0:00:01]} 9. Ne5 {[%emt 0:00:00]} Bxe5 {[%emt 0:00:01]} 10. dxe5 {[%emt 0:00:00]} Nd7 {[%emt 0:00:00]} 11. Qb3 {[%emt 0:00:04]} Qc7 {[%emt 0:00:01]} 12. Bg3 {[%emt 0:00:01]} Ndxe5 {[%emt 0:00:02]} 13. Nd2 {[%emt 0:00:01]} O-O {[%emt 0:00:01]} 14. Nf3 {[%emt 0:00:00]} f6 {[%emt 0:00:00]} 15. Nxe5 {[%emt 0:00:01]} Nxe5 {[%emt 0:00:01]} 16. f4 {[%emt 0:00:00]} Nc6 {[%emt 0:00:01]} 17. Rad1 {[%emt 0:00:01]} Rad8 {[%emt 0:00:01]} 18. Bf3 {[%emt 0:00:00]} Rfe8 {[%emt 0:00:02]} 19. c4 {[%emt 0:00:00]} d4 {[%emt 0:00:01]} 20. c5 {[%emt 0:00:01]} Kh8 {[%emt 0:00:02]} 21. Rfe1 {[%emt 0:00:01]} e5 {[%emt 0:00:00]} 22. fxe5 {[%emt 0:00:01]} fxe5 {[%emt 0:00:00]} 23. Bh4 {[%emt 0:00:02]} Rd7 {[%emt 0:00:02]} 24. Bd5 {[%emt 0:00:01]} e4 {[%emt 0:00:04]} 25. Qc4 {[%emt 0:00:03]} d3 {[%emt 0:00:01]} 26. Bg3 {[%emt 0:00:01]} Qa5 {[%emt 0:00:04]} 27. a3 {[%emt 0:00:02]} d2 {[%emt 0:00:02]} 28. Rf1 {[%emt 0:00:01]} Bg6 {[%emt 0:00:02]} 29. b4 {[%emt 0:00:01]} Qd8 {[%emt 0:00:00]} 30. a4 {[%emt 0:00:02]} Rxd5 {[%emt 0:00:01]} 31. b5 {[%emt 0:00:02]} Ne5 {[%emt 0:00:01]} 32. Qc3 {[%emt 0:00:02]} e3 {[%emt 0:00:01]} 33. Qxe3 {[%emt 0:00:02]} Nf7 {[%emt 0:00:02]} 34. Qf3 {[%emt 0:00:03]} Nh6 {[%emt 0:00:02]} 35. c6 {[%emt 0:00:01]} bxc6 {[%emt 0:00:02]} 36. bxc6 {[%emt 0:00:00]} Rf5 {[%emt 0:00:00]} 37. Qc3 {[%emt 0:00:01]} Rxf1+ {[%emt 0:00:02]} 38. Kxf1 {[%emt 0:00:00]} Qf6+ {[%emt 0:00:01]} 39. Kg1 {[%emt 0:00:04]} Qxc3 {[%emt 0:00:02] Little champs resigns (Lag: Av=0.46s, max=0.6s)} 0-1

[Event "Stay Safe Play From Home 235"]
[Site "Emanuel Lasker Arena"]
[Date "2020.06.18"]
[Round "6"]
[White "SoulofWolf"]
[Black "Bardellosport"]
[Result "1-0"]
[WhiteElo "2177"]
[BlackElo "2056"]
[Annotator "TA"]
[PlyCount "127"]
[EventDate "2020.06.18"]
[EventType "swiss (blitz)"]

{[%evp 9,127,22,31,0,37,-8,-11,-187,-25,-335,-18,-14,41,-35,-50,-130,-66,-81,-93,-140,321,325,607,-27,55,-52,-58,-104,0,0,0,-1309,-67,-114,0,-96,-90,-139,-141,-257,-179,-185,-178,-184,-143,-178,-185,-173,-127,-218,-147,-157,-73,-249,-250,-231,-235,-215,-226,-350,-363,-350,0,-1207,-940,-1192,-1189,-1154,-1123,-1095,-1044,-1146,-1098,-1367,-1333,-1338,-1236,-2091,-2061,-2479,-2140,-29983,-29984,-29984,-29985,-29985,-29986,-29986,-2359,-5147,-5130,-29987,-29988,-29988,-29989,-29989,-29986,-29988,-29989,-29989,-1009,-29983,-989,-941,-947,-29986,29969,-29985,-29986,-29988,-29989,-29993,-29988,-29988,-29987,-29987,-29988,-29990,-29991,-29991]} 1. d4 d6 2. Nf3 Nd7 3. g3 g6 4. Bg2 Bg7 5. O-O e5 6. c3 {A41: 1 d4 d6: Tartakower System and Modern Defence.} Qe7 7. Nbd2 {[#]} e4 $146 ({Predecessor:} 7... Ngf6 8. e3 O-O 9. Qc2 Re8 10. Ng5 Nb6 11. f4 Ng4 12. Nb3 exd4 13. exd4 Bf5 14. Qd1 h6 15. Nh3 Nc4 16. Qf3 c6 17. Nf2 Qd7 18. Nxg4 Bxg4 19. Qf2 Re2 {0-1 (19) Fiedler,W (1716)-Goy,U (2160) Schloss Schney 2003}) 8. Ng5 $2 (8. Ne1 $11) 8... f5 $2 (8... Qxg5 $19 9. Nxe4 Qe7) 9. e3 $2 {[%mdl 8192]} (9. Nh3 $11 {and White stays safe.}) 9... h6 $2 (9... Qxg5 $19 10. b4 a5) 10. Nh3 $11 Ndf6 (10... g5 $11) 11. Nf4 (11. f3 $14) 11... Qf7 $15 12. h4 (12. c4 $15) 12... d5 (12... g5 $17 13. Ne2 Ne7) 13. c4 c6 14. Qb3 Be6 $2 {[%mdl 8192]} (14... g5 $1 $17 {[%cal Rg5f4]} 15. Ne2 Be6) 15. Nxe6 $18 Qxe6 16. f3 $2 (16. Qxb7 $18 Rd8 17. Qxg7 {[%mdl 64] Double Attack}) 16... Rb8 (16... Qd7 $11) 17. a4 ({Better is} 17. cxd5 $14 cxd5 18. fxe4 fxe4 19. Qb5+ Kf7 20. Nb3) 17... Ne7 18. a5 dxc4 (18... exf3 $17 19. Rxf3 O-O) 19. Qxc4 $11 Ned5 20. Qd3 $2 {[%mdl 8192]} (20. fxe4 $11 fxe4 21. Rxf6 Bxf6 22. Nxe4) 20... exf3 $2 (20... exd3 $19 21. Nc4 Nh5) 21. Rxf3 Ng4 (21... O-O $17 22. b3 Rfe8) 22. Nc4 (22. e4 $11 Nb4 23. Qc3) 22... O-O $17 23. Bh3 h5 24. Bxg4 (24. Bd2 $17) 24... hxg4 25. Rf2 Nf6 26. Rg2 Ne4 27. Bd2 Rbd8 28. Bc3 c5 29. Re1 (29. Nd2 $17 {might work better.}) 29... cxd4 30. exd4 {Nd2 would now be nice for White.} Qd7 (30... Qa6 $142 31. Kh2 g5) 31. Rf1 $2 (31. Nd2 $17) 31... Bxd4+ $19 32. Bxd4 Qxd4+ 33. Qxd4 Rxd4 34. Rc1 (34. Ne5 $142 Rd6 35. Re1) 34... Rc8 35. Rgc2 Nd6 $2 (35... Nxg3 $19 {aiming for ...Re8.} 36. Ne5 Rxc2 37. Rxc2 Kg7) 36. Kf2 $2 {[%mdl 8192]} (36. Nxd6 $11 Rxc2 37. Rxc2 Rxd6 38. Rc8+ Kg7 39. Rc7+ {[%mdl 64] Double Attack} Kf6 40. Rxb7) 36... Rcxc4 37. Rxc4 Rxc4 {[%mdl 4096] Endgame KRN-KR} 38. Rd1 Ne4+ 39. Ke3 Rc2 40. Kf4 Rf2+ 41. Ke5 Kg7 42. Rd7+ Kh6 43. Rxb7 Nxg3 44. Rxa7 Ne4 45. Rb7 g3 46. a6 g2 47. a7 g1=Q 48. a8=Q Kh5 (48... Qh2+ $142 49. Ke6 Qd6+ 50. Kf7 Qd5+ 51. Kf8 Nf6 52. Ra7 Qg8+ 53. Ke7 Re2+ 54. Kd6 Qe6+ 55. Kc5 Rc2+ 56. Kb4 Rxb2+ 57. Kc3 Qb3+ 58. Kd4 Rd2+ 59. Kc5 Qc3+ 60. Kb6 Rb2+ 61. Ka6 Qa3#) 49. Qh8+ Kg4 50. Rb4 Qg3+ 51. Ke6 Qd6+ {[%mdl 64] Double Attack} 52. Kf7 Qd7+ 53. Kg8 Qe6+ 54. Kh7 {[#]} Qd6 (54... Rh2 $142 $1 55. Qd8 Qf7+ 56. Kh6 Rxh4+ 57. Qxh4+ Kxh4 58. Rd4 Qf8+ 59. Kxg6 Qf6+ {[%mdl 64] Double Attack} 60. Kh7 Qxd4 61. Kg8 Nd6 62. b3 Qf6 63. b4 Qg6+ 64. Kh8 Nf7#) 55. Qg7 Qf4 (55... Qxb4 $142 56. Kg8 Rxb2 57. Kh7 Qb8 58. Kh6 Rb6 59. Qd4 Qf8+ 60. Qg7 g5+ 61. Kh7 Nf6+ 62. Qxf6 Rxf6 63. hxg5 Rf7+ 64. Kg6 Qg7#) 56. Rd4 Re2 57. Rxe4 {KQR-KQR} Re3 $4 {[%mdl 8192]} (57... Qxe4 {and life is good for Black.} 58. Kxg6 f4+ 59. Kh6+ Kxh4 60. Qg5+ Kh3 61. Qh5+ Kg2 62. Qc5 f3 63. Qb6 f2 64. Qc5 f1=Q 65. Qg5+ Kh1 66. Kg7 Qb7+ 67. Kh6 Rh2+ 68. Qh4 {[#]} Qf6+ $1 {[%mdl 576] Double Attack, Pin} 69. Kh5 Rxh4#) 58. h5 $4 {[%mdl 8192]} (58. Rxf4+ {and all is fine.} Kxf4 59. Qxg6 Re7+ 60. Kg8 Rd7 61. h5 Ra7 62. Qc6 Ra1 63. h6 Rg1+ 64. Kf7) 58... Rxe4 {Black mates.} 59. Qxg6+ Qg5 60. h6 Qxg6+ 61. Kxg6 Re3 62. h7 Rh3 63. h8=Q Rxh8 64. Kg7 {[%mdl 32768] Accuracy: White = 22%, Black = 41%. . Sensor Board Error (Ke4/e5)?} 1-0

[Event "Stay Safe Play From Home 235"]
[Site "Emanuel Lasker Arena"]
[Date "2020.06.18"]
[Round "6"]
[White "Lazieri3"]
[Black "Lamborghini"]
[Result "0-1"]
[WhiteElo "2168"]
[BlackElo "2213"]
[Annotator "TA"]
[PlyCount "86"]
[EventDate "2020.06.18"]
[EventType "swiss (blitz)"]

{[%evp 9,86,58,73,75,79,75,79,28,30,35,43,32,33,19,41,13,25,25,67,76,97,68,52,0,0,-12,-18,-131,-20,-12,67,0,-4,-32,-45,-39,-6,-73,-77,-150,-78,-102,-111,-114,-106,-187,-74,-91,-105,-106,-92,-114,-24,-26,116,-22,-23,-205,-201,-274,175,151,189,188,193,192,334,327,327,327,541,359,336,-189,-171,-193,-166,-160,-153]} 1. e4 g6 2. Nc3 Bg7 3. d4 e6 4. Nf3 d6 5. Be3 h6 6. Qd2 {B06: Modern Defence.} a6 7. h3 b5 8. a3 {[#]} (8. b4 $16) 8... Bb7 $146 ({Predecessor:} 8... Nd7 9. O-O-O Ne7 10. d5 e5 11. Nh2 f5 12. f4 exf4 13. Bxf4 g5 14. Be3 f4 {0-1 (30) Hartanto,S-Tarimo,D (1747) Jakarta 2018}) 9. Bd3 Nd7 10. O-O c5 11. dxc5 dxc5 12. Rfe1 c4 13. Bf1 Qc7 14. Bf4 e5 15. Bg3 Ngf6 16. Qe3 (16. a4 $14) 16... O-O $11 17. Rad1 Rfe8 18. Rd2 (18. a4 $11 {keeps the balance.}) 18... Nh5 (18... Nc5 $17 {Strongly threatening ...Nfxe4.} 19. Nd5 Bxd5 20. exd5 Nfe4) 19. Bh2 Nf8 ({Black should play} 19... Nf4 $11) 20. Red1 ({White should try} 20. a4 $1 $14) 20... Nf4 21. Nd5 (21. Rd6 {with more complications.} N8e6 22. Qb6 Qc8 23. a4 Rb8 24. Qa5) 21... Nxd5 22. exd5 Qd6 23. c3 (23. a4 $11) 23... Nd7 24. g4 (24. a4 $142) 24... Re7 ({Better is} 24... f5 $1 {White must now prevent ...f4.} 25. gxf5 gxf5) 25. Bg2 Rae8 26. Re2 Nc5 (26... Bxd5 $2 27. Ne1 $18) 27. Nd2 (27. Nd4 $17) 27... Nd3 (27... f5 $1 $19 28. gxf5 gxf5) 28. Ne4 Qd8 29. Rxd3 cxd3 30. Qxd3 {[#]} Rd7 (30... f5 $1 $17 {[%cal Rf5e4]} 31. gxf5 gxf5) 31. Nc5 Rde7 (31... Bxd5 $11 32. Rd2 {[#]} (32. Nxd7 $2 Bc4 $19 {[%mdl 64] Skewer}) 32... Bxg2 $1 {[%mdl 512]} 33. Nxd7 Ba8) 32. Nxb7 ({White must play} 32. d6 $16 Bxg2 33. Kxg2 Qa8+ 34. Qf3) 32... Rxb7 33. d6 $2 (33. Bf3 $11) 33... Rd7 $19 34. Rd2 Kh7 $4 {[%mdl 8192]} (34... Re6 $19 {avoids the disaster.} 35. Qe4 Rexd6 36. Rxd6 Rxd6) 35. Bc6 $18 {[%mdl 64] Skewer} e4 36. Qd5 (36. Bxe4 $6 Qb6 $16) 36... e3 37. fxe3 ({Don't take} 37. Bxd7 $6 e2 $14) 37... Re6 (37... Rxe3 {might work better.} 38. Kg2 (38. Bxd7 Qxd7 39. Qg2 Re1+ 40. Kf2 Re6 $16) 38... Re8) 38. Bxd7 Qxd7 39. Qf3 b4 $2 (39... Bf6 40. e4 Bh4) 40. Rf2 bxc3 41. Qxf7 $4 {[%mdl 8192]} (41. bxc3 $18 {is the narrow road to win.} Rxd6 42. Bxd6 (42. Qxf7 Rd1+ 43. Kg2 Qd3 $11) 42... Qxd6 43. c4) 41... Qxf7 $19 {Black is clearly better.} 42. Rxf7 {Hoping for bxc3.} cxb2 43. Rb7 Rxe3 {[%mdl 64] Double Attack. Accuracy: White = 43%, Black = 41%.} 0-1

[Event "Stay Safe Play From Home 235"]
[Site "Emanuel Lasker Arena"]
[Date "2020.06.18"]
[Round "6"]
[White "Position"]
[Black "Weltszmerc"]
[Result "1-0"]
[WhiteElo "2040"]
[BlackElo "2193"]
[Annotator "TA"]
[PlyCount "113"]
[EventDate "2020.06.18"]
[EventType "swiss (blitz)"]

{[%evp 9,113,16,28,0,-6,-5,-3,-3,-4,-8,0,0,0,0,0,0,0,0,0,0,0,0,10,-9,13,0,14,0,0,-24,-18,-16,-10,-16,0,-6,0,0,5,0,0,-15,0,0,0,0,0,0,0,0,0,0,0,0,0,-10,0,-11,137,0,104,112,108,0,0,-112,0,-10,-3,-7,0,-191,-184,-177,-177,-168,-162,-160,-160,-168,-161,-161,-152,-175,-104,-185,-95,-95,-103,-411,-396,-328,-60,-29987,-29988,-29990,-29990,-29989,-29988,-29989,-29986,-29987,-29987,-29987,-29988,-29992]} 1. e3 d5 2. d4 c6 3. Nf3 Bg4 4. h3 Bh5 5. Be2 e6 6. Ne5 {D02: 1 d4 d5 2 Nf3 sidelines, including 2...Nf6 3 g3 and 2...Nf6 3 Bf4.} Bxe2 7. Qxe2 Nd7 8. Nxd7 {The position is equal.} Qxd7 {[#]} 9. O-O $146 ({Predecessor:} 9. Nd2 f5 10. O-O Nf6 11. c4 Bd6 12. c5 Bc7 13. Rb1 O-O 14. b4 Ne4 15. Nxe4 fxe4 {½-½ (33) Papai,J (2130)-Csiszar,A (1902) Zalakaros 2004}) 9... Nf6 10. c4 Bd6 11. Nc3 O-O 12. e4 dxe4 13. Nxe4 Nxe4 14. Qxe4 Rac8 15. Rd1 Bb8 16. Be3 Rfd8 17. g3 Qd6 18. Bf4 Qb4 19. Bxb8 (19. Bg5 {with more complications.} Rd7 20. b3 h6 21. Bd2 Qe7 22. Bc3) 19... Rxb8 20. b3 Rbc8 21. Rac1 b6 22. Rd3 h6 23. Rcd1 Qd6 24. Qe2 Rd7 25. Rf3 Rcd8 26. Qc2 c5 27. d5 $1 exd5 28. Rxd5 Qe6 29. Rxd7 Rxd7 $11 {[%mdl 4096] Endgame KQR-KQR} 30. Kg2 Qc6 31. Qc3 Rd6 32. Kh2 Rd1 33. Qe3 Qg6 (33... f6 $11) 34. Qf4 (34. Qe8+ $16 Kh7 35. Rxf7 (35. Qxf7 Qe4 $14)) 34... Rd4 (34... Qe6 $11 {keeps the balance.}) 35. Qb8+ $16 Kh7 36. Qc7 ({Only move:} 36. Qxa7 $16 Rd2 37. a4 (37. Rxf7 Qc2 $16) (37. Qxf7 Qxf7 38. Rxf7 Kg6 $16)) 36... f6 $1 $11 37. Re3 (37. Qxa7 $11 Qe4 38. Re3) 37... Rd1 (37... Qf5 $1 $17 {[%cal Rf5f2]} 38. Kg2 Rd2 $1 {[%mdl 576] Double Attack}) 38. Qf4 Ra1 39. h4 Qb1 $40 {[%csl Ga1][%cal Rb1h1][%mdl 128] Black attacks.} 40. Qe4+ $2 (40. Qf3 $1 $11) 40... Qxe4 $19 41. Rxe4 Rxa2 {KR-KR} 42. Kg2 Kg6 43. Rg4+ Kf7 {aiming for ...Rb2.} 44. Re4 Ra3 45. Re3 a6 {[%cal Ba7a6,Ba6b5][%mdl 32]} 46. Rd3 b5 ({Black should play} 46... h5 $19 47. Kf1 Ke6) 47. Rd7+ {[#]} (47. cxb5 $17 axb5 48. Rd5) 47... Ke8 (47... Ke6 $1 $19 {[%cal Re6d7]} 48. Rc7 b4 49. Rxc5 Rxb3 50. Rc6+ Ke5 51. Rxa6 Kd4) 48. Rxg7 $17 Rxb3 49. cxb5 $2 {[%mdl 8192]} (49. Rh7 $17) 49... axb5 $19 50. Rg6 Kf7 $2 (50... c4 $19 51. Rxf6 c3) 51. Rxf6+ $2 {[%mdl 8192]} (51. Rxh6 $15 Kg7 52. Rh5) 51... Kxf6 $15 {KR-K3P. Black mates.} 52. h5 {[#]} Rb2 $1 53. g4 Ke7 54. Kg3 Kf7 55. Kf4 Rb3 56. f3 c4 57. Kf5 {[%mdl 32768] Accuracy: White = 72%, Black = 75%. . Sensor Board Error (Ke4/e5)?} 1-0

[Event "Stay Safe Play From Home 235"]
[Site "Emanuel Lasker Arena"]
[Date "2020.06.18"]
[Round "6"]
[White "Souchov"]
[Black "NeatFox"]
[Result "1-0"]
[WhiteElo "1757"]
[BlackElo "1786"]
[Annotator "NA RC"]
[PlyCount "57"]
[EventDate "2020.06.18"]
[EventType "swiss (blitz)"]

1. e4 {[%emt 0:00:03]} c6 {[%emt 0:00:00]} 2. d4 {[%emt 0:00:01]} d5 {[%emt 0:00:00]} 3. Nd2 {[%emt 0:00:00]} dxe4 {[%emt 0:00:01]} 4. Nxe4 {[%emt 0:00:00]} Nf6 {[%emt 0:00:01]} 5. Nxf6+ {[%emt 0:00:00]} gxf6 {[%emt 0:00:01]} 6. c3 {[%emt 0:00:00]} e6 {[%emt 0:00:01]} 7. Bd3 {[%emt 0:00:01]} Be7 {[%emt 0:00:00]} 8. Qc2 {[%emt 0:00:01]} f5 {[%emt 0:00:00]} 9. Nf3 {[%emt 0:00:01]} Rg8 {[%emt 0:00:00]} 10. g3 {[%emt 0:00:01]} Qb6 {[%emt 0:00:01]} 11. Bf4 {[%emt 0:00:01]} Nd7 {[%emt 0:00:01]} 12. O-O-O {[%emt 0:00:01]} Nf6 {[%emt 0:00:01]} 13. Kb1 {[%emt 0:00:01]} Nd5 {[%emt 0:00:00]} 14. Ne5 {[%emt 0:00:01]} Nxf4 {[%emt 0:00:01]} 15. gxf4 {[%emt 0:00:00]} Bd7 {[%emt 0:00:01]} 16. Rhg1 {[%emt 0:00:01]} Rxg1 {[%emt 0:00:02]} 17. Rxg1 {[%emt 0:00:00]} O-O-O {[%emt 0:00:01]} 18. Nxf7 {[%emt 0:00:01]} Rf8 {[%emt 0:00:01]} 19. Ne5 {[%emt 0:00:01]} Be8 {[%emt 0:00:02]} 20. Bc4 {[%emt 0:00:01]} Qc7 {[%emt 0:00:02]} 21. Bxe6+ {[%emt 0:00:02]} Bd7 {[%emt 0:00:01]} 22. Nxd7 {[%emt 0:00:02]} Rf6 {[%emt 0:00:03]} 23. Nxf6+ {[%emt 0:00:01]} Kd8 {[%emt 0:00:02]} 24. Rg8+ {[%emt 0:00:01]} Bf8 {[%emt 0:00:00]} 25. Rxf8+ {[%emt 0:00:01]} Ke7 {[%emt 0:00:00]} 26. Rf7+ {[%emt 0:00:00]} Kxe6 {[%emt 0:00:01]} 27. Rxc7 {[%emt 0:00:00]} Kxf6 {[%emt 0:00:00]} 28. Qb3 {[%emt 0:00:01]} c5 {[%emt 0:00:00]} 29. Qf7# {[%emt 0:00:00] (Lag: Av=0.65s, max=0.8s)} 1-0